[Event "TUR-chT 1st League"]
[Site "Konya"]
[Date "2022.08.26"]
[Round "7.5"]
[White "Ozgur, Tibet Kagan"]
[Black "Sahutoglu, Mehmet Ibrahim"]
[Result "0-1"]
[WhiteElo "2036"]
[BlackElo "1928"]
[PlyCount "72"]
[EventDate "2022.08.22"]
[EventType "team-swiss"]
[EventRounds "9"]
[EventCountry "TUR"]
[SourceTitle "CBM 209 Extra"]
[Source "ChessBase"]
[SourceDate "2022.09.30"]
[SourceVersion "1"]
[SourceVersionDate "2022.09.30"]
[SourceQuality "1"]
[WhiteTeam "Istanbul Teknik Uni"]
[BlackTeam "Samandag Altin"]
[WhiteTeamCountry "TUR"]
[BlackTeamCountry "TUR"]

1. Nf3 Nf6 2. g3 d5 3. Bg2 c6 4. 0-0 Bg4 5. d3 Bxf3 6. Bxf3 h5 7. e4 Nbd7 8. Qe2 dxe4 9. dxe4 Qc7 10. Rd1 h4 11. a4 hxg3 12. hxg3 Ne5 13. Na3 Nxf3+ 14. Qxf3 Qe5 15. Nc4 Qxe4 16. Qxe4 Nxe4 17. Re1 f5 18. f3 Nxg3 19. Kg2 Nh5 20. Nd6+ Kd7 21. Nxb7 e6 22. Na5 Bb4 23. Bd2 Bxd2 24. Rad1 Nf4+ 25. Kg1 Rad8 26. Rxd2+ Kc7 27. Nc4 Rxd2 28. Nxd2 Rh3 29. b3 Rg3+ 30. Kf2 Rg2+ 31. Ke3 g5 32. Nc4 c5 33. Nd2 Rh2 34. Nc4 Ng2+ 35. Kf2 Nxe1+ 36. Kxe1 Rxc2 0-1

[Event "TUR-chT 1st League"]
[Site "Konya"]
[Date "2022.08.22"]
[Round "1.7"]
[White "Solakoglu, Ozgur"]
[Black "Sahutoglu, Mehmet Ibrahim"]
[Result "1-0"]
[WhiteElo "1967"]
[BlackElo "1928"]
[PlyCount "53"]
[EventDate "2022.08.22"]
[EventType "team-swiss"]
[EventRounds "9"]
[EventCountry "TUR"]
[SourceTitle "CBM 209 Extra"]
[Source "ChessBase"]
[SourceDate "2022.09.30"]
[SourceVersion "1"]
[SourceVersionDate "2022.09.30"]
[SourceQuality "1"]
[WhiteTeam "Mavisehir Altyapi"]
[BlackTeam "Samandag Altin"]
[WhiteTeamCountry "TUR"]
[BlackTeamCountry "TUR"]

1. e4 c6 2. d4 d5 3. exd5 cxd5 4. Nf3 Nf6 5. c3 Nc6 6. Bb5 a6 7. Bd3 Bg4 8. Nbd2 e6 9. Nf1 Qc7 10. Ng3 Bd6 11. h3 Bh5 12. Nxh5 Nxh5 13. 0-0 Nf4 14. Bc2 0-0 15. Re1 b5 16. Ng5 g6 17. Qg4 Kg7 18. g3 Nh5 19. Nxh7 Rh8 20. Ng5 Nf6 21. Nxe6+ fxe6 22. Qxg6+ Kf8 23. Qxf6+ Kg8 24. Qxe6+ Kg7 25. Qg6+ Kf8 26. Bh6+ Rxh6 27. Qxh6+ 1-0

[Event "TUR-chT 2nd League"]
[Site "Konya"]
[Date "2019.07.26"]
[Round "7.3"]
[White "Buke, Furkan"]
[Black "Sahutoglu, Mehmet Ibrahim"]
[Result "1-0"]
[WhiteElo "1959"]
[BlackElo "1898"]
[PlyCount "95"]
[EventDate "2019.07.22"]
[EventType "team-swiss"]
[EventRounds "9"]
[EventCountry "TUR"]
[SourceTitle "CBM 191 Extra"]
[Source "ChessBase"]
[SourceDate "2019.09.30"]
[SourceVersion "1"]
[SourceVersionDate "2019.09.30"]
[SourceQuality "1"]
[WhiteTeam "Koroglu Dernegi"]
[BlackTeam "Samandag Altin"]
[WhiteTeamCountry "TUR"]
[BlackTeamCountry "TUR"]

1. e4 c5 2. Nf3 g6 3. d4 cxd4 4. Nxd4 Bg7 5. c4 Nc6 6. Nc2 Nf6 7. Nc3 0-0 8. Be2 d6 9. 0-0 Be6 10. Be3 Rc8 11. f3 Na5 12. b3 Ng4 13. fxg4 Bxc3 14. Rc1 Nc6 15. g5 Bg7 16. Bg4 Bxg4 17. Qxg4 Qa5 18. Rb1 Qxa2 19. Qd1 Qa5 20. Qe2 a6 21. Bd2 Qb6+ 22. Be3 Qc7 23. Bf2 Qa5 24. Qg4 b5 25. Ne3 Ne5 26. Qh4 Qd8 27. Nd5 f6 28. gxf6 exf6 29. Qh3 Nd7 30. Qe6+ Kh8 31. Qxd6 bxc4 32. bxc4 Rxc4 33. Qxa6 Rxe4 34. Rb7 Re5 35. Nf4 Nb8 36. Qc4 Qc8 37. Rc7 Qa6 38. Qb4 g5 39. Nh5 Bh6 40. Qb1 f5 41. Bd4 Qd6 42. Qb2 Nc6 43. Rxc6 Qxc6 44. Bxe5+ Kg8 45. Qb3+ Rf7 46. Nf6+ Kf8 47. Qb8+ Ke7 48. Ng8+ 1-0

[Event "TUR-chT 2nd League"]
[Site "Konya"]
[Date "2019.07.22"]
[Round "1.3"]
[White "Sahutoglu, Mehmet Ibrahim"]
[Black "Kocacoglu, Ayhan"]
[Result "1-0"]
[WhiteElo "1898"]
[BlackElo "1792"]
[PlyCount "88"]
[EventDate "2019.07.22"]
[EventType "team-swiss"]
[EventRounds "9"]
[EventCountry "TUR"]
[SourceTitle "CBM 191 Extra"]
[Source "ChessBase"]
[SourceDate "2019.09.30"]
[SourceVersion "1"]
[SourceVersionDate "2019.09.30"]
[SourceQuality "1"]
[WhiteTeam "Samandag Altin"]
[BlackTeam "Ceylanpinar Genclik"]
[WhiteTeamCountry "TUR"]
[BlackTeamCountry "TUR"]

1. Nf3 g6 2. d4 Nf6 3. b3 Bg7 4. Bb2 0-0 5. g3 d5 6. Bg2 Bf5 7. 0-0 c6 8. Nbd2 Nbd7 9. c4 Nb6 10. Re1 Ne4 11. c5 Nd7 12. Qc1 Re8 13. Nh4 Ndf6 14. Nxf5 gxf5 15. Nf1 Nd7 16. f3 Nef6 17. Qc2 e6 18. b4 Nf8 19. a4 Ng6 20. e3 Nd7 21. b5 h5 22. Reb1 h4 23. Bc3 hxg3 24. hxg3 Qf6 25. Ra3 Rab8 26. Rab3 e5 27. dxe5 Qe7 28. f4 Nxc5 29. Bb4 b6 30. bxc6 Qe6 31. Bxc5 Qxc6 32. Rc3 bxc5 33. Rxb8 Rxb8 34. Rxc5 Qa6 35. Bxd5 Ne7 36. Bf3 Rb4 37. a5 Bf8 38. Be2 Qb7 39. Rc7 Qb8 40. Bf3 Rb2 41. Qc5 a6 42. Qa7 Qd8 43. Qc5 Rb5 44. Qd6 Nc6 1-0

[Event "TUR-chT 2nd League"]
[Site "Konya"]
[Date "2018.07.20"]
[Round "7.2"]
[White "Sahutoglu, Mehmet Ibrahim"]
[Black "Sevgi, Volkan"]
[Result "0-1"]
[WhiteElo "1836"]
[BlackElo "2277"]
[PlyCount "74"]
[EventDate "2018.07.16"]
[EventType "team-swiss"]
[EventRounds "9"]
[EventCountry "TUR"]
[SourceTitle "EXT 2019"]
[Source "ChessBase"]
[SourceDate "2018.10.10"]
[SourceVersion "1"]
[SourceVersionDate "2018.10.10"]
[SourceQuality "1"]
[WhiteTeam "Samandag Altin"]
[BlackTeam "Ankara DSI Genclik"]
[WhiteTeamCountry "TUR"]
[BlackTeamCountry "TUR"]

1. Nf3 e6 2. g3 b6 3. Bg2 Bb7 4. 0-0 g6 5. c4 Bg7 6. Nc3 Ne7 7. d4 0-0 8. Bf4 d6 9. Qd2 Re8 10. Rfd1 Nd7 11. Rac1 Nf6 12. Qc2 Nh5 13. Bd2 Nc6 14. Be3 Qb8 15. c5 bxc5 16. dxc5 d5 17. Rb1 a5 18. a3 a4 19. Nxa4 e5 20. b3 d4 21. Bc1 e4 22. Ng5 Nf6 23. Bb2 h6 24. Nh3 Qd8 25. Ba1 Ba6 26. Nb2 d3 27. exd3 Nd4 28. Qd2 Nxb3 29. Qb4 Nxa1 30. Rxa1 Nd5 31. Qd2 e3 32. fxe3 Nxe3 33. Rdb1 Rb8 34. Nf4 g5 35. Nh5 Qd4 36. Nxg7 Ng4+ 37. Kh1 Nf2+ 0-1

[Event "TUR-chT 2nd League"]
[Site "Konya"]
[Date "2018.07.17"]
[Round "2.7"]
[White "Sahutoglu, Mehmet Ibrahim"]
[Black "Bozkurt, Serkan"]
[Result "1/2-1/2"]
[WhiteElo "1836"]
[BlackElo "1610"]
[PlyCount "75"]
[EventDate "2018.07.16"]
[EventType "team-swiss"]
[EventRounds "9"]
[EventCountry "TUR"]
[SourceTitle "EXT 2019"]
[Source "ChessBase"]
[SourceDate "2018.10.10"]
[SourceVersion "1"]
[SourceVersionDate "2018.10.10"]
[SourceQuality "1"]
[WhiteTeam "Samandag Altin"]
[BlackTeam "Gulbahcesi Egitim"]
[WhiteTeamCountry "TUR"]
[BlackTeamCountry "TUR"]

1. d4 Nf6 2. Nf3 g6 3. g3 Bg7 4. Bg2 0-0 5. 0-0 d6 6. Nbd2 Nbd7 7. e4 e5 8. c3 Re8 9. Re1 c6 10. Qc2 Qc7 11. b3 a5 12. a4 b5 13. Bb2 Bb7 14. c4 b4 15. Rad1 exd4 16. Nxd4 Nc5 17. f4 Rad8 18. h3 Nh5 19. Kh2 Bh6 20. Ne2 Ne6 21. Nf1 Qb6 22. Qd3 d5 23. cxd5 cxd5 24. exd5 Ba6 25. Qf3 Bg7 26. Bxg7 Nexg7 27. g4 Rxe2 28. Rxe2 Bxe2 29. Qxe2 Nxf4 30. Qf3 Qd6 31. Kh1 Nge6 32. dxe6 Qxd1 33. exf7+ Kxf7 34. Qxf4+ Ke6 35. Qe3+ Kf7 36. Qf4+ Ke6 37. Qc4+ Kf6 38. Qf4+ 1/2-1/2

[Event "TUR Cup"]
[Site "Antalya"]
[Date "2017.01.31"]
[Round "5"]
[White "Topcuoglu, Ata"]
[Black "Sahutoglu, Mehmet Ibrahim"]
[Result "1-0"]
[WhiteElo "1693"]
[BlackElo "1780"]
[PlyCount "73"]
[EventDate "2017.01.28"]
[EventType "swiss"]
[EventRounds "11"]
[EventCountry "TUR"]
[SourceTitle "CBM 176 Extra"]
[Source "ChessBase"]
[SourceDate "2017.03.02"]
[SourceVersion "1"]
[SourceVersionDate "2017.03.02"]
[SourceQuality "1"]

1. e4 d5 2. exd5 Nf6 3. d4 Bg4 4. Be2 Bxe2 5. Qxe2 Qxd5 6. Nf3 Nc6 7. c4 Qf5 8. 0-0 0-0-0 9. Rd1 e6 10. a3 Rg8 11. Nc3 g5 12. Be3 Bd6 13. b4 Bf4 14. g3 Bxe3 15. fxe3 Ne4 16. Nxe4 Qxe4 17. Nd2 Qg6 18. b5 Ne7 19. Nf3 f6 20. e4 Kb8 21. c5 h5 22. a4 h4 23. g4 Qe8 24. Re1 Ng6 25. Qc4 Qd7 26. h3 c6 27. Reb1 Ka8 28. a5 Qc7 29. e5 fxe5 30. b6 Qf7 31. a6 axb6 32. axb7+ Kb8 33. Ra8+ Kc7 34. cxb6+ Kd7 35. Nxg5 Qe7 36. b8Q Rxb8 37. Ra7+ 1-0

[Event "TUR-chT2"]
[Site "Konya"]
[Date "2016.07.20"]
[Round "6.11"]
[White "Sahutoglu, Mehmet Ibrahim"]
[Black "Doner, Mustafa"]
[Result "0-1"]
[WhiteElo "1782"]
[BlackElo "1827"]
[PlyCount "102"]
[EventDate "2016.07.17"]
[EventType "team-swiss"]
[EventRounds "9"]
[EventCountry "TUR"]
[SourceTitle "CBM 173 Extra"]
[Source "ChessBase"]
[SourceDate "2016.08.29"]
[SourceVersion "1"]
[SourceVersionDate "2016.08.29"]
[SourceQuality "1"]
[WhiteTeam "Hatay Samandag"]
[BlackTeam "Gaziantep Sader"]
[WhiteTeamCountry "TUR"]
[BlackTeamCountry "TUR"]

1. d4 Nf6 2. c4 e6 3. Nf3 b6 4. g3 Bb7 5. Bg2 Be7 6. 0-0 0-0 7. Nc3 Ne4 8. Nxe4 Bxe4 9. b3 a5 10. Bb2 a4 11. Qd2 d6 12. Qe3 Bb7 13. Rfd1 Nd7 14. Qd3 Nf6 15. Re1 Be4 16. Qc3 Qb8 17. Bh3 b5 18. Nd2 b4 19. Qe3 Bg6 20. Nf3 Ra5 21. Bg2 Be4 22. Nd2 Bxg2 23. Kxg2 Qb7+ 24. Qf3 d5 25. Rec1 a3 26. Bxa3 Rxa3 27. h4 Ne4 28. Nxe4 dxe4 29. Qf4 Bf6 30. e3 Ra5 31. c5 Qc6 32. g4 Rfa8 33. g5 Bd8 34. Rc2 Qd5 35. Rc4 Rb5 36. Qg4 c6 37. Qg3 Rb7 38. Qg4 Qf5 39. Kh3 g6 40. Rc2 Qd5 41. Rg1 Bc7 42. Rd1 Rba7 43. Rdd2 Rf8 44. Kg2 f5 45. Qh3 f4 46. Qg4 Bb8 47. Kh1 Raf7 48. Rb2 fxe3 49. fxe3 Rf1+ 50. Kg2 R1f3 51. Kh1 Rg3 0-1

[Event "TUR-chT2"]
[Site "Konya"]
[Date "2016.07.19"]
[Round "4.8"]
[White "Sahutoglu, Mehmet Ibrahim"]
[Black "Agdelen, Huseyin Can"]
[Result "0-1"]
[WhiteElo "1782"]
[BlackElo "2061"]
[PlyCount "126"]
[EventDate "2016.07.17"]
[EventType "team-swiss"]
[EventRounds "9"]
[EventCountry "TUR"]
[SourceTitle "CBM 173 Extra"]
[Source "ChessBase"]
[SourceDate "2016.08.29"]
[SourceVersion "1"]
[SourceVersionDate "2016.08.29"]
[SourceQuality "1"]
[WhiteTeam "Hatay Samandag"]
[BlackTeam "Aydin Egitim Merkezi"]
[WhiteTeamCountry "TUR"]
[BlackTeamCountry "TUR"]

1. d4 Nf6 2. Nf3 g6 3. c4 Bg7 4. Nc3 d5 5. cxd5 Nxd5 6. e4 Nxc3 7. bxc3 c5 8. Bb5+ Bd7 9. Rb1 0-0 10. 0-0 a6 11. Bxd7 Qxd7 12. dxc5 Qc8 13. Qb3 Nd7 14. Qxb7 Nxc5 15. Qxe7 Re8 16. Qh4 Rxe4 17. Qg5 Re2 18. Be3 Ne4 19. Qh4 Nxc3 20. Rbe1 Rxa2 21. Ng5 h5 22. h3 f6 23. Nf3 Ra4 24. Qg3 Kh7 25. Nh4 Rxh4 26. Qxh4 Qf5 27. Qc4 Nb5 28. Ra1 Rc8 29. Qf7 Rc7 30. Qa2 Rc6 31. Qb3 Qe4 32. Ra4 Qe8 33. Raa1 f5 34. Rac1 Re6 35. Qd5 Nc3 36. Qd3 f4 37. Rxc3 Bxc3 38. Qxc3 fxe3 39. fxe3 Rxe3 40. Rf7+ Qxf7 41. Qxe3 Qc7 42. g4 h4 43. Kf1 a5 44. Qa3 Qf4+ 45. Ke2 Qh2+ 46. Kf1 Qf4+ 47. Ke2 Qe4+ 48. Kf1 a4 49. Kf2 Qf4+ 50. Ke2 Kh6 51. Qc3 Qe4+ 52. Kf1 Qe7 53. Qc1+ Kh7 54. Qc4 a3 55. g5 Kg7 56. Qxh4 Qf7+ 57. Kg1 Qa7+ 58. Kh1 Qb7+ 59. Kg1 Qb1+ 60. Kg2 Qb2+ 61. Kf3 a2 62. Qe4 Qb3+ 63. Kf4 a1Q 0-1

[Event "TUR-chT2"]
[Site "Konya"]
[Date "2016.07.17"]
[Round "1.6"]
[White "Sahutoglu, Mehmet Ibrahim"]
[Black "Koc, Ilkay"]
[Result "0-1"]
[WhiteElo "1782"]
[BlackElo "2069"]
[PlyCount "99"]
[EventDate "2016.07.17"]
[EventType "team-swiss"]
[EventRounds "9"]
[EventCountry "TUR"]
[SourceTitle "CBM 173 Extra"]
[Source "ChessBase"]
[SourceDate "2016.08.29"]
[SourceVersion "1"]
[SourceVersionDate "2016.08.29"]
[SourceQuality "1"]
[WhiteTeam "Hatay Samandag"]
[BlackTeam "Karaman Belediye"]
[WhiteTeamCountry "TUR"]
[BlackTeamCountry "TUR"]

1. d4 Nf6 2. Nf3 e6 3. c4 d5 4. Nc3 Be7 5. Bg5 h6 6. Bh4 0-0 7. e3 Nbd7 8. Rc1 c6 9. Bd3 Re8 10. 0-0 a6 11. cxd5 exd5 12. Bb1 Nf8 13. Ne5 N6d7 14. Bxe7 Qxe7 15. Nxd7 Bxd7 16. Na4 Rad8 17. Nc5 Bc8 18. Qd3 Rd6 19. b4 Qg5 20. Rfe1 Rg6 21. Qf1 f5 22. a4 Nd7 23. Nd3 Rge6 24. Nf4 R6e7 25. b5 axb5 26. axb5 Qf6 27. bxc6 bxc6 28. Ba2 Kh7 29. Qd3 g6 30. h4 h5 31. Rc3 Nb8 32. g3 Ba6 33. Qc2 Bb5 34. Rb1 Rb7 35. Rcb3 Rd8 36. R3b2 Qf7 37. Nd3 Qf6 38. Nb4 f4 39. Nxd5 cxd5 40. Rxb5 Rxb5 41. Rxb5 fxg3 42. fxg3 Rf8 43. Qe2 Nc6 44. Rxd5 Nb4 45. Rd7+ Kh8 46. Bb1 Qc6 47. d5 Qc1+ 48. Kg2 Qxb1 49. e4 Nd3 50. Kh3 0-1

[Event "Manavgat Turkey Cup"]
[Site "Manavgat"]
[Date "2016.02.02"]
[Round "5"]
[White "Sahutoglu, Mehmet Ibrahim"]
[Black "Bayrak, Beril"]
[Result "1-0"]
[WhiteElo "1739"]
[BlackElo "1537"]
[PlyCount "85"]
[EventDate "2016.01.30"]
[EventType "swiss"]
[EventRounds "11"]
[EventCountry "TUR"]
[SourceTitle "CBM 170 Extra"]
[Source "ChessBase"]
[SourceDate "2016.02.25"]
[SourceVersion "1"]
[SourceVersionDate "2016.02.25"]
[SourceQuality "1"]

1. d4 d5 2. c4 c6 3. cxd5 cxd5 4. Nc3 Nf6 5. Bf4 Bd7 6. Nf3 a6 7. e3 Nc6 8. Ne5 e6 9. Qb3 Na5 10. Qc2 Rc8 11. Bd3 b5 12. Qd1 Be7 13. 0-0 0-0 14. g4 Nc4 15. Qe2 Nxe5 16. Bxe5 Ne8 17. Qf3 g6 18. Rac1 b4 19. Ne2 a5 20. Qg3 Bh4 21. Qf3 Be7 22. Rxc8 Bxc8 23. Rc1 Nd6 24. Qf4 f6 25. Bxd6 Bxd6 26. Rxc8 Bxf4 27. Rxd8 Bxh2+ 28. Kxh2 Rxd8 29. Nf4 Kf7 30. Ba6 Ra8 31. Bb5 Rc8 32. Bd7 Rc2 33. Bxe6+ Ke7 34. Bxd5 Rxf2+ 35. Kg3 Rxb2 36. Bc4 Kd6 37. Kf3 a4 38. Nd3 Rc2 39. Bg8 b3 40. axb3 axb3 41. Bxb3 Rc3 42. Nc5 h5 43. Ne4+ 1-0

[Event "Manavgat Turkey Cup"]
[Site "Manavgat"]
[Date "2016.02.01"]
[Round "4"]
[White "Samani, Yamac"]
[Black "Sahutoglu, Mehmet Ibrahim"]
[Result "1-0"]
[WhiteElo "2076"]
[BlackElo "1739"]
[PlyCount "63"]
[EventDate "2016.01.30"]
[EventType "swiss"]
[EventRounds "11"]
[EventCountry "TUR"]
[SourceTitle "CBM 170 Extra"]
[Source "ChessBase"]
[SourceDate "2016.02.25"]
[SourceVersion "1"]
[SourceVersionDate "2016.02.25"]
[SourceQuality "1"]

1. e4 d5 2. exd5 Nf6 3. d4 Bg4 4. f3 Bf5 5. g4 Bg6 6. c4 e6 7. Nc3 exd5 8. g5 Nh5 9. c5 c6 10. f4 Qe7+ 11. Kf2 f5 12. Nf3 Nd7 13. Bd3 0-0-0 14. b4 Re8 15. Rb1 Bf7 16. b5 Nxc5 17. Bxf5+ Kc7 18. bxc6 bxc6 19. Re1 Qd6 20. Rxe8 Bxe8 21. dxc5 Qxc5+ 22. Qd4 g6 23. Bg4 Qxd4+ 24. Nxd4 Ng7 25. Be3 a6 26. Nf3 Nf5 27. Bb6+ Kd6 28. Bxf5 gxf5 29. Bd4 Rg8 30. Rb7 Bg6 31. Na4 Be7 32. Bc5+ 1-0

[Event "TUR-chT2"]
[Site "Konya"]
[Date "2015.07.26"]
[Round "3.8"]
[White "Ibik, Halit Yavuz"]
[Black "Sahutoglu, Mehmet Ibrahim"]
[Result "0-1"]
[WhiteElo "1837"]
[BlackElo "1641"]
[PlyCount "111"]
[EventDate "2015.07.25"]
[EventType "team-swiss"]
[EventRounds "9"]
[EventCountry "TUR"]
[SourceTitle "CBM 167 Extra"]
[Source "ChessBase"]
[SourceDate "2015.09.14"]
[SourceVersion "1"]
[SourceVersionDate "2015.09.14"]
[SourceQuality "1"]
[WhiteTeam "Ankara Ego"]
[BlackTeam "Hatay Samandag"]
[WhiteTeamCountry "TUR"]
[BlackTeamCountry "TUR"]

1. e4 d5 2. Nc3 dxe4 3. Nxe4 Nf6 4. Nxf6+ exf6 5. Nf3 Bd6 6. Be2 0-0 7. h3 Nc6 8. 0-0 Re8 9. d4 Bf5 10. Bd3 Qd7 11. Bxf5 Qxf5 12. c3 Rad8 13. Be3 Bf4 14. Bxf4 Qxf4 15. Qb3 b6 16. Rfe1 Qd6 17. Qc2 g6 18. Re2 Rxe2 19. Qxe2 Qe6 20. Qc2 Kg7 21. b3 Re8 22. Re1 Qd7 23. Qd2 Rxe1+ 24. Nxe1 Qf5 25. Nc2 Ne7 26. c4 Qe4 27. f3 Qh4 28. Qf2 Qf4 29. Qe3 Qd6 30. Qd2 Nf5 31. Qf2 Qf4 32. d5 Qc1+ 33. Ne1 Qd1 34. Kh2 Nd4 35. Qe3 Nf5 36. Qf2 h5 37. g3 Nd4 38. Kg2 Ne2 39. Kf1 Nc1 40. h4 a5 41. Qb2 Qxe1+ 42. Kxe1 Nd3+ 43. Kd2 Nxb2 44. Kc2 Nxc4 45. bxc4 g5 46. Kd3 Kg6 47. c5 bxc5 48. Kc4 Kf5 49. Kxc5 Ke5 50. Kc6 gxh4 51. gxh4 f5 52. f4+ Kd4 53. a4 Kc4 54. Kxc7 Kxd5 55. Kb6 Ke4 56. Kc5 0-1